| 000 | 00564nam a2200181 a 4500 | ||
|---|---|---|---|
| 001 | 1980 | ||
| 003 | CDMR | ||
| 005 | 20130314180812.0 | ||
| 008 | 130130s2002||||||||||||||||||||||||||||d | ||
| 020 | _a8493038482 | ||
| 040 |
_aCDMR _bcat _cCPC GIRONA |
||
| 100 | 1 |
_aPernau, Josep _9544 |
|
| 245 | 1 | 3 |
_aLa democràcia com a norma en l'exercici del periodisme _b: recull d'articles 1954-2002 _cJosep Pernau |
| 260 |
_bDiputació de Barcelona _a[Barcelona] |
||
| 260 |
_c[2002] _bCol·legi de Periodistes de Catalunya |
||
| 490 | 0 |
_aVaixells de Paper _v29 |
|
| 942 |
_cMON _2ddc |
||
| 999 |
_c1980 _d1980 |
||